000 00418nam a2200169Ia 4500
001 22883
005 20260414150900.0
008 260414t2013||||xx |||||||||||||| ||spa||
041 _aESP
082 _a624.17
_bA53
245 0 _aMinimum design loads for building's and other structures
_b
260 _c2013
300 _axli, 593 páginas :
_c28 cm.
650 _a0
654 _aCIC
942 _cLIB
_dJUS
_fJUS
_2ddc
_n
999 _c22883
_d22883